Catálogo - Centro de Recursos para el Aprendizaje y la Investigación

Volver al Sitio - CRAI Biblioteca

Basílica Nuestra Señora de La Altagracia / (Registro nro. 114117)

Detalles MARC
000 -CABECERA
campo de control de longitud fija 01655nam a22002657a 4500
001 - NÚMERO DE CONTROL
campo de control 114117
003 - IDENTIFICADOR DEL NÚMERO DE CONTROL
campo de control DR-UNIBE
005 - FECHA Y HORA DE LA ÚLTIMA TRANSACCIÓN
campo de control 20260423112457.0
008 - DATOS DE LONGITUD FIJA--INFORMACIÓN GENERAL
campo de control de longitud fija 251001b2000 dr ||||| |||| 00| 0 mul d
020 ## - NÚMERO INTERNACIONAL ESTÁNDAR DEL LIBRO
Número Internacional Estándar del Libro 9993423122
040 ## - FUENTE DE LA CATALOGACIÓN
Centro catalogador/agencia de origen BIBLIOTECA UNIBE
Lengua de catalogación spa
Centro/agencia transcriptor BIBLIOTECA UNIBE
Normas de descripción rda
041 ## - CÓDIGO DE LENGUA
Código de lengua original spa
Código de lengua del texto/banda sonora o título independiente spa
-- eng
-- fre
082 ## - NÚMERO DE LA CLASIFICACIÓN DECIMAL DEWEY
Número de clasificación 726.5 D925b
100 1# - ENTRADA PRINCIPAL--NOMBRE DE PERSONA
Nombre de persona Dunoyer de Segonzac, André
Forma completa/desarrollada del nombre (Dunoyer de Segonzac, André-Jacques)
Fechas asociadas al nombre 1915-1974
Término indicativo de función/relación autor
9 (RLIN) 204323
245 10 - MENCIÓN DE TÍTULO
Título Basílica Nuestra Señora de La Altagracia /
Mención de responsabilidad, etc. André Dunoyer de Segonzac
260 ## - PUBLICACIÓN, DISTRIBUCIÓN, ETC.
Lugar de publicación, distribución, etc. Santo Domingo :
Nombre del editor, distribuidor, etc. Banco Popular
Fecha de publicación, distribución, etc. 2000
300 ## - DESCRIPCIÓN FÍSICA
Extensión 343 páginas :
Otras características físicas ilustraciones (blanco y negro y color) ;
Dimensiones 29 cm
Material acompañante/anejo + 1 cuadernillo (4 hojas)
505 ## - NOTA DE CONTENIDO CON FORMATO
Nota de contenido con formato PRIMERA PARTE ASPECTOS HISTÓRICOS Y RELIGIOSOS |<br/> Historia del culto altagraciano |<br/> La situación geográfica y sus relaciones con el edificio |<br/> Situación de los autores durante el concurso (1947) |<br/> Sobre el desarrollo del estudio |<br/>SEGUNDA PARTE ESTUDIO CRÍTICO |<br/> A/ Del programa |<br/> B/ Concepto general |<br/> C/ Los elementos del edificio como respuesta a las funciones |<br/> D/ El nacimiento de los sistemas de formas, su adaptación al discurso arquitectónico |<br/> E/ La arquitectónica: modelatura y paramentos |<br/> F/ Sistema de los vitrales |<br/> G/ Las modificaciones posteriores al proyecto de ejecución |<br/>
650 #7 - PUNTO DE ACCESO ADICIONAL DE MATERIA--TÉRMINO DE MATERIA
Fuente del encabezamiento o término lemb
Término de materia o nombre geográfico como elemento de entrada Iglesia catolica
Subdivisión general Historia
9 (RLIN) 28763
650 #7 - PUNTO DE ACCESO ADICIONAL DE MATERIA--TÉRMINO DE MATERIA
Fuente del encabezamiento o término lemb
Término de materia o nombre geográfico como elemento de entrada Diseño arquitectónico
700 ## - PUNTO DE ACCESO ADICIONAL--NOMBRE DE PERSONA
Nombre de persona Moya Pons, Frank,
Forma completa/desarrollada del nombre (Moya Pons, Rafael Francisco),
Fechas asociadas al nombre 1944-
9 (RLIN) 199245
Término indicativo de función/relación editor
700 ## - PUNTO DE ACCESO ADICIONAL--NOMBRE DE PERSONA
Nombre de persona Gauge, Jean Alexis
Término indicativo de función/relación traductor
9 (RLIN) 199464
700 ## - PUNTO DE ACCESO ADICIONAL--NOMBRE DE PERSONA
Nombre de persona Solomon, Denis
Término indicativo de función/relación traductor
9 (RLIN) 199465
942 ## - ELEMENTOS DE PUNTO DE ACCESO ADICIONAL (KOHA)
Fuente del sistema de clasificación o colocación Sistema de Clasificación Decimal Dewey
Tipo de ítem Koha Libro (general)
Existencias
Estado de retiro Estado de pérdida Fuente del sistema de clasificación o colocación No para préstamo Código de colección Localización permanente Fecha de adquisición Total de préstamos Signatura topográfica completa Código de barras Fecha visto por última vez Número de copia Precio válido a partir de Tipo de ítem Koha
  Disponible Sistema de Clasificación Decimal Dewey   General Biblioteca Central UNIBE 01/08/2025   726.5 D925b 251005 10/10/2025 Ej. 1 10/10/2025 Libro (general)